Oscar Filme - Sudden Death - Statistiken

Allgemein
  • Dieses Quiz wurde 311 mal gespielt
    309 seit der letzten Aktualisierung
  • Das Durchschnittsergebnis liegt bei 4 aus 22
Answers on the Grid
Answers color-coded by a green-red scale on the quiz's grid according to % correct below.
Apocalypse Now
Raging Bull
Rain Man
Goodfellas
Schweigen der Lämmer
Schindlers Liste
Forrest Gump
Pulp Fiction
Fargo
Good Will Hunting
Men in Black
Titanic
American Beauty
Matrix
Gladiator
A Beautiful Mind
No Country for Old Men
The Dark Knight
Inglorious Basterds
Whiplash
Oppenheimer
Once upon a Time in Hollywood
Zwei glorreiche Halunken
Und täglich grüßt das Murmeltier
The Big Lebowski
Heat
Die Verurteilten
Die zwölf Geschworenen
Fight Club
Die Sieben Samurai
Se7en
Ist das Leben nicht schön?
Ziemlich beste Freunde
The Prestige
The Green Mile
American History X
Once upon a Time in America
The Shining
The Hunt - 2012
Reqiem for a Dream
Reservoir Dogs
Full Metal Jacket
Scarface
Taxi Driver
Clockwork Orange
Zeugin der Anklage
City of God
The Wolf of Wallstreet
 
Antwortstatistiken
Antwort % Korrekt
Titanic
51%
Forrest Gump
40%
Oppenheimer
38%
Schindlers Liste
35%
Gladiator
30%
Schweigen der Lämmer
24%
American Beauty
22%
Inglorious Basterds
19%
Rain Man
19%
Pulp Fiction
18%
The Dark Knight
18%
Once upon a Time in Hollywood
17%
No Country for Old Men
15%
A Beautiful Mind
12%
Good Will Hunting
12%
Matrix
12%
Whiplash
10%
Goodfellas
8%
Raging Bull
8%
Fargo
7%
Apocalypse Now
6%
Men in Black
3%
Keine übereinstimmenden Quizze gefunden
Verteilung der Resultate
Anzahl Personen mit jedem Resultat
Perzentil nach korrekt beantworteten Fragen
Ihre Resultats-Entwicklung
Sie haben dieses Quiz seit der letzten Aktualisierung nicht gespielt